000 01817cam a22004814i 4500
003 PE-LiUPU
005 20250731172824.0
008 150617s r 000 0 d
035 _a(Sirsi) a15038
040 _aPE-LiUPU
_bspa
_cPE-LiUPU
_erda
049 _aPRUA
082 0 4 _a261.2
_bK89
_221
100 1 _aKudo, Tokihiro,
_eautor.
245 1 3 _aLa crítica de la religión: ensayo sobre la conciencia socialsegún Marx /
_cTokihiro Kudo.
264 1 _aLima :
_bCentro de Estudios y Publicaciones,
_c1982.
300 _a122 páginas ;
_c21 cm
336 _atext
_2rdacontent
337 _aunmediated
_2rdamedia
338 _avolume
_2rdacarrier
490 0 _aCEP ;
_v21
504 _aIncluye notas bibliográficas.
505 0 _aTres etapas fundamentales del pensamiento de Max sobre la religión: crítica filosófica del estado cristiano de prusia. - La religión como alineación. -La religión como ideología. -La teoria de la ideología en Max: La conciencia social en general. -La conciencia ilusoria. -La conciencia real. -Religión y ideología.
526 _aSEG42
526 _aSEG41
526 _aSEG40
526 _aSEG39
526 _aP94
526 _aP87
526 _aP86
526 _aP85
526 _aP77
526 _aP76
526 _aP35
650 0 4 _aTEOLOGIA SOCIAL.
700 1 _aCecilia Tovar.
910 _ajck
_bjvq
_cjck
_d20150616
942 _2ddc
_cBOOK
949 _a261.2 K89
_wDEWEY
_c1
_i25296
_lCCODEBUL1
_mBUL
_p00.00
_r0
_sY
_tBOOK
_u19860424
_xTEOLOGIA
_PP35
_0COMPRA
_o.STAFF. Colección General
994 _aC0
_bPEPRU
596 _a1
999 _a261.2 K89
_wDEWEY
_c5582
_i25296
_f2021-11-12
_g5
_lCCODEBUL1
_mBUL
_r0
_sY
_tBOOK
_u2015-6-17
_xTEOLOGIA
_PP35
_0COMPRA
_o.STAFF. Colección General
_d5582
980 _81
_gALBERTO SANCHEZ Responsable de Automatización